000 00571nam a22002177a 4500
003 UA-OsUOA
001 108014
007 ta
008 20140924b un ||||| |||| 00| 0 ukr d
100 _aТимофеева М.В.
090 _a32
_bТ41
942 _cSA
040 _aUA-OsUOA
_brus
_cUA-OsUOA
_dUA-OsUOA
245 _aКонфликт в Айодхье: история вопроса и современное состояние
300 _aС.72-84
955 _a0
041 _arus
080 _a32
773 0 _w108012
650 7 _a32 Політика
_2UDC
999 _c394750
_d394750